| 000 | 00932nam a2200181Ia 4500 | ||
|---|---|---|---|
| 001 | 2485 | ||
| 003 | GE_BSU | ||
| 008 | 181216s||||||||xx |||||||||||||| ||und|| | ||
| 040 | _cGE_BSU | ||
| 080 | _a338.48(063) | ||
| 245 | _aტურიზმი. ეკონომოკა და ბიზნესი.II საერთაშორისო სამეცნიერო– პრაქტიკული კონფერენცია. 4–5 ივნისი შოთა რუსთაველის სახ. უნ–ტი ტურიზმის ფაკ–ტი. აჭარის არ ტურიზმის და კუროტების დეპარტამენტი. | ||
| 260 | _aბათუმი | ||
| 260 | _c2011 | ||
| 300 | _a758 გვ. 29 სმ. | ||
| 541 | _h35 ლ. | ||
| 653 | _aტურიზმი, ეკონომიკა, ბიზნესი; | ||
| 942 | _cBK | ||
| 999 |
_c36566 _d36566 |
||